| 000 | 02105nam a2200409 i 4500 | ||
|---|---|---|---|
| 003 | DO-SdBNP | ||
| 005 | 20231012131436.0 | ||
| 007 | ta | ||
| 008 | 230622b2020 dr bcd|| |||| 00| 0 spa d | ||
| 020 | _a9789945443622 (serie) | ||
| 020 | _a9789945582970 (volumen) | ||
| 040 |
_aDO-SdBNP _bspa _cBNPHU _erda |
||
| 082 | 4 |
_a330.97293 _bN744n 2019 _222 |
|
| 111 | 2 |
_aConcurso Biblioteca Juan Pablo Duarte _d(2019 : _983578 _cSanto Domingo) |
|
| 245 | 0 | 0 |
_aNueva literatura económica dominicana : _bpremios del Concurso de Economía Biblioteca Juan Pablo Duarte 2019 / _cedición, José Alcántara Almánzar, Elvis Francis Soto |
| 264 | 4 |
_aSanto Domingo : _bBanco Central de la República Dominicana, _c2020. |
|
| 300 |
_axxi, 484 páginas : _bretratos, mapas, gráficos ; _c23 cm. |
||
| 336 |
_2rdacontent _atexto _btxt |
||
| 337 |
_2rdamedia _asin mediación _bn |
||
| 338 |
_2rdacarrier _avolumen _bnc |
||
| 490 | 1 |
_aBanco Central de la República Dominicana ; _v277 |
|
| 490 | 1 |
_aNueva Litertura Económica ; _v24 |
|
| 500 | _aIncluye referencias bibliográficas y notas al pie de las páginas | ||
| 586 | _aPremio del Concurso de Economía Biblioteca Juan Pablo Duarte 2019. | ||
| 590 | _aInventariado, 2023/BT | ||
| 650 | 4 |
_aEducación _zRepública Dominicana _vCongresos, conferencias , etc. _936797 |
|
| 650 | 4 |
_zRepública Dominicana _aRecaudación de impuestos _vCongresos, conferencias, etc. _984472 |
|
| 650 | 4 |
_aTransferencias monetarias _zRepública Dominicana _vCongresos, conferencias _984473 |
|
| 650 | 4 |
_aTrabajadores extranjeros _zRepública Dominicana _vCongresos, conferencias, etc. _984474 |
|
| 651 | 4 |
_aRepública Dominicana _xEmigración e inmigración _vCongresos, conferencias, etc. _984475 |
|
| 651 | 4 |
_aRepública Dominicana _xCondiciones económicas _vCongresos, conferencias, etc. _97000 |
|
| 700 | 1 |
_aAlcántara Almánzar, José, _eedición |
|
| 700 | 1 |
_aSoto, Elvis Francis, _eedición _939156 |
|
| 830 | 0 |
_aBanco Central de la República Dominicana ; _n277 _pNueva Literatura Económica ; 24 _984471 |
|
| 910 | _aBtavárez/Validado. Control de calidad MFF | ||
| 942 |
_2ddc _cLBS1 |
||
| 999 |
_c53907 _d53907 |
||